Coastal shrines and transnational maritime networks across India and Southeast Asia / (Record no. 3127)
[ view plain ]
| 000 -LEADER | |
|---|---|
| fixed length control field | 03842cam a2200565 i 4500 |
| 006 - FIXED-LENGTH DATA ELEMENTS--ADDITIONAL MATERIAL CHARACTERISTICS--GENERAL INFORMATION | |
| fixed length control field | m d | | |
| 007 - PHYSICAL DESCRIPTION FIXED FIELD--GENERAL INFORMATION | |
| fixed length control field | cr ||||||||||| |
| 008 - FIXED-LENGTH DATA ELEMENTS--GENERAL INFORMATION | |
| fixed length control field | 200529t20212021enkab ob 001 0 eng |
| 020 ## - INTERNATIONAL STANDARD BOOK NUMBER | |
| International Standard Book Number | 9780429285233 |
| Qualifying information | electronic book |
| 020 ## - INTERNATIONAL STANDARD BOOK NUMBER | |
| International Standard Book Number | 042928523X |
| Qualifying information | electronic book |
| 020 ## - INTERNATIONAL STANDARD BOOK NUMBER | |
| International Standard Book Number | 9781000166514 |
| Qualifying information | electronic book |
| 020 ## - INTERNATIONAL STANDARD BOOK NUMBER | |
| International Standard Book Number | 1000166511 |
| Qualifying information | electronic book |
| 020 ## - INTERNATIONAL STANDARD BOOK NUMBER | |
| International Standard Book Number | 9781000166477 |
| Qualifying information | electronic book |
| 020 ## - INTERNATIONAL STANDARD BOOK NUMBER | |
| International Standard Book Number | 1000166473 |
| Qualifying information | electronic book |
| 020 ## - INTERNATIONAL STANDARD BOOK NUMBER | |
| International Standard Book Number | 9781000166491 |
| Qualifying information | electronic book |
| 020 ## - INTERNATIONAL STANDARD BOOK NUMBER | |
| International Standard Book Number | 100016649X |
| Qualifying information | electronic book |
| 020 ## - INTERNATIONAL STANDARD BOOK NUMBER | |
| Qualifying information | hardcover |
| 040 ## - CATALOGING SOURCE | |
| Original cataloging agency | IMU Kochi Library |
| Language of cataloging | eng |
| 041 0# - LANGUAGE CODE | |
| Language code of text/sound track or separate title | eng |
| 082 00 - DEWEY DECIMAL CLASSIFICATION NUMBER | |
| Classification number | 294.3/435095409146 |
| Edition number | 23 |
| 100 1# - MAIN ENTRY--PERSONAL NAME | |
| Personal name | Ray, Himanshu Prabha, |
| 245 10 - TITLE STATEMENT | |
| Title | Coastal shrines and transnational maritime networks across India and Southeast Asia / |
| 300 ## - PHYSICAL DESCRIPTION | |
| Extent | 1 online resource (xi, 255 pages) : |
| Other physical details | illustrations, maps |
| 505 0# - FORMATTED CONTENTS NOTE | |
| Formatted contents note | Culture, the written word and the sea, 3rd century BCE to 4th century CE -- Maritime cultural landscapes and expanding networks, 4th to 7th century -- Travelling relics -- From the Tamil Coast to Vietnam : the king and the temple -- The coastal shrine and maritime networks, 7th to 13th century CE -- The Buddhist 'cosmopolis' re-examined -- Shipwrecks sites : connecting the dots -- From religious shrines to monuments : national identity to transnational heritage. |
| 520 ## - SUMMARY, ETC. | |
| Summary, etc | "This book breaks new ground by examining trans-oceanic connectivity through the perspective of coastal shrines and maritime cultural landscapes across the Bay of Bengal and the South China Sea. It covers a period of expanding networks and cross-cultural encounters from the 3rd century BCE to the 13th century CE. The book examines the distinctiveness of these shrines, and highlights their interconnections, and their role in social integration in South and Southeast Asia. By drawing on data from shipwreck sites, the author elaborates on the material and religious intersections and transmissions between cultures across the seas. Many of these coastal shrines survived into the colonial period when they came to be admired for their aesthetic value as 'monuments'. As nation states of the region became independent, these shrines were often inscribed on UNESCO's World Heritage List on account of their Outstanding Universal Values. The book argues that in the 21st century there is a need to promote the cultural connectivity of the past as transnational heritage on UNESCO's global platform to preserve and protect our shared heritage. The volume will be essential reading for academics and researchers of archaeology, anthropology, museum and heritage studies, history of South and Southeast Asia, religious studies, cultural studies, and Asian studies"-- |
| 650 #0 - SUBJECT ADDED ENTRY--TOPICAL TERM | |
| Topical term or geographic name as entry element | Shrines |
| Geographic subdivision | India. |
| 650 #0 - SUBJECT ADDED ENTRY--TOPICAL TERM | |
| Topical term or geographic name as entry element | Shrines |
| Geographic subdivision | Southeast Asia. |
| 650 #0 - SUBJECT ADDED ENTRY--TOPICAL TERM | |
| Topical term or geographic name as entry element | Coastal archaeology |
| Geographic subdivision | India. |
| 650 #0 - SUBJECT ADDED ENTRY--TOPICAL TERM | |
| Topical term or geographic name as entry element | Coastal archaeology |
| Geographic subdivision | Southeast Asia. |
| 650 #0 - SUBJECT ADDED ENTRY--TOPICAL TERM | |
| Topical term or geographic name as entry element | Navigation |
| Geographic subdivision | Indian Ocean Region |
| General subdivision | History. |
| 650 #0 - SUBJECT ADDED ENTRY--TOPICAL TERM | |
| Topical term or geographic name as entry element | Navigation |
| Geographic subdivision | Southeast Asia |
| General subdivision | History. |
| 650 #0 - SUBJECT ADDED ENTRY--TOPICAL TERM | |
| Topical term or geographic name as entry element | Shipwrecks |
| Geographic subdivision | Southeast Asia. |
| 650 #0 - SUBJECT ADDED ENTRY--TOPICAL TERM | |
| Topical term or geographic name as entry element | World Heritage areas. |
| 651 #0 - SUBJECT ADDED ENTRY--GEOGRAPHIC NAME | |
| Geographic name | India |
| General subdivision | Antiquities. |
| 651 #0 - SUBJECT ADDED ENTRY--GEOGRAPHIC NAME | |
| Geographic name | Southeast Asia |
| General subdivision | Antiquities. |
| 650 #7 - SUBJECT ADDED ENTRY--TOPICAL TERM | |
| Topical term or geographic name as entry element | HISTORY / Asia / India & South Asia |
| Source of heading or term | bisacsh |
| 650 #7 - SUBJECT ADDED ENTRY--TOPICAL TERM | |
| Topical term or geographic name as entry element | HISTORY / Asia / Southeast Asia |
| Source of heading or term | bisacsh |
| 650 #7 - SUBJECT ADDED ENTRY--TOPICAL TERM | |
| Topical term or geographic name as entry element | HISTORY / General |
| Source of heading or term | bisacsh |
| 852 ## - LOCATION/CALL NUMBER | |
| Location | IMU Kochi Library |
| 856 40 - ELECTRONIC LOCATION AND ACCESS | |
| Uniform Resource Identifier | <a href="https://www.taylorfrancis.com/books/9780429285233">https://www.taylorfrancis.com/books/9780429285233</a> |
| 856 42 - ELECTRONIC LOCATION AND ACCESS | |
| Uniform Resource Identifier | <a href="http://www.oclc.org/content/dam/oclc/forms/terms/vbrl-201703.pdf">http://www.oclc.org/content/dam/oclc/forms/terms/vbrl-201703.pdf</a> |
| 904 ## - LOCAL DATA ELEMENT D, LDD (RLIN) | |
| CATALOGER | Rudra Ranjan |
| 905 ## - LOCAL DATA ELEMENT E, LDE (RLIN) | |
| VERIFIER | Rudra Ranjan |
| 942 ## - ADDED ENTRY ELEMENTS (KOHA) | |
| Item type | E-Book |
| 264 #1 - | |
| -- | Abingdon, Oxon ; |
| -- | New York : |
| -- | Routledge, |
| -- | 2021. |
| 264 #4 - | |
| -- | ©2021 |
| 520 ## - SUMMARY, ETC. | |
| -- | Provided by publisher. |
No items available.